Foro transversalidad de los derechos indígenas : (Record no. 128145)

MARC details
000 -LEADER
fixed length control field 00707cam a2200193 4500
008 - FIXED-LENGTH DATA ELEMENTS--GENERAL INFORMATION
fixed length control field 100312t20082008mx 000 0 spa u
050 04 - LIBRARY OF CONGRESS CALL NUMBER
Classification number KGF2204.I9
Item number D47 2008
110 2# - MAIN ENTRY--CORPORATE NAME
Corporate name or jurisdiction name as entry element México. Senado de la República. LX Legislatura
245 00 - TITLE STATEMENT
Title Foro transversalidad de los derechos indígenas :
Remainder of title 27 y 28 de Febrero de 2007 /
Statement of responsibility, etc Senado de la república
250 ## - EDITION STATEMENT
Edition statement 1a. ed.
260 ## - PUBLICATION, DISTRIBUTION, ETC. (IMPRINT)
Place of publication, distribution, etc México. :
Name of publisher, distributor, etc Diseño 3,
Date of publication, distribution, etc c2008
300 ## - PHYSICAL DESCRIPTION
Extent 90 p. ;
Dimensions 20 cm.
504 ## - BIBLIOGRAPHY, ETC. NOTE
Bibliography, etc Incluye índice
600 #7 - SUBJECT ADDED ENTRY--PERSONAL NAME
Personal name Indios de México
General subdivision Derechos civiles
Source of heading or term Lemb
650 #7 - SUBJECT ADDED ENTRY--TOPICAL TERM
Topical term or geographic name as entry element Indios de México
General subdivision Condiciónes juridicas, leyes, etc...
Source of heading or term Lemb
710 1# - ADDED ENTRY--CORPORATE NAME
Corporate name or jurisdiction name as entry element Comisión de asuntos indígenas
942 ## - ADDED ENTRY ELEMENTS (KOHA)
Source of classification or shelving scheme Biblioteca del Cogreso de los Estados Unidos
Koha item type Libro
Holdings
Estado de pérdida Fuente de clasificación Estado del daño No para préstamo Ubicación permanente Ubicación actual Apartado o colección Fecha de adquisición Edición Enumeración de Serie / Cronológica Dependencia de educación superior (DES) Área del conocimiento Clasificación Código de Barras Date last seen Número de copia Costo por reposición Tipo de recurso
  Biblioteca del Cogreso de los Estados Unidos     Biblioteca de la Unidad de Ciencias Ingeniería y Humanidades Biblioteca de la Unidad de Ciencias Ingeniería y Humanidades General 23/02/2017 1a. ed. BCU000017575 Nivel Medio Superior Ciencias Sociales y Administrativas KGF2204.I D47 2008 BCU000017575 23/02/2017 C:1 1.00 Libro